Factors Affecting Labor Productivity / (Record no. 534668)
[ view plain ]
| 000 -LEADER | |
|---|---|
| fixed length control field | 00510nam a22001577a 4500 |
| 020 ## - INTERNATIONAL STANDARD BOOK NUMBER | |
| Qualifying information | Hard Cover. |
| 082 ## - DEWEY DECIMAL CLASSIFICATION NUMBER | |
| Classification number | 624.1 |
| 100 ## - MAIN ENTRY--PERSONAL NAME | |
| Personal name | Malik, Bilal |
| 245 ## - TITLE STATEMENT | |
| Title | Factors Affecting Labor Productivity / |
| Statement of responsibility, etc. | Bilal Malik, |
| 260 ## - PUBLICATION, DISTRIBUTION, ETC. | |
| Place of publication, distribution, etc. | Islamabad : |
| Name of publisher, distributor, etc. | NIT - NUST, |
| Date of publication, distribution, etc. | 2016. |
| 300 ## - PHYSICAL DESCRIPTION | |
| Extent | xii, 118 p. ill .: |
| Dimensions | 30cm. |
| 942 ## - ADDED ENTRY ELEMENTS (KOHA) | |
| Source of classification or shelving scheme | |
| Koha item type | Thesis |
| 650 ## - SUBJECT ADDED ENTRY--TOPICAL TERM | |
| Topical term or geographic name entry element | Construction Engineering and Mangment - MS Thesis. |
| 700 ## - ADDED ENTRY--PERSONAL NAME | |
| Personal name | Dr. Muhammd Jamaluddin Tahaheem. |
| 650 ## - SUBJECT ADDED ENTRY--TOPICAL TERM | |
| -- | 28968 |
| 700 ## - ADDED ENTRY--PERSONAL NAME | |
| -- | 28969 |
| Withdrawn status | Lost status | Source of classification or shelving scheme | Damaged status | Not for loan | Permanent Location | Current Location | Shelving location | Date acquired | Total Checkouts | Full call number | Barcode | Date last seen | Price effective from | Koha item type |
|---|---|---|---|---|---|---|---|---|---|---|---|---|---|---|
| Central Library (CL) | Central Library (CL) | Thesis | 03/14/2020 | 624.1 | CL-T-5491 | 03/14/2020 | 03/14/2020 | Thesis |
